Statistics for States of Silopa Quiz

Click here to take the quiz!

General Stats

  • This quiz has been taken 12 times
  • The average score is 4 of 9

Answers on the Map

Answers color-coded by a green-red scale on the quiz's map according to % correct below.
 

Answer Stats

Answer% Correct
Carnyei
100%
Estua
57%
Kambous
57%
Niss
57%
Kellani
43%
Laungei
43%
Sichel
43%
Tarida
29%
Sunata
14%

Score Distribution

Percentile by Number Answered

Percent of People with Each Score

Your Score History

You have not taken this quiz